000 00517nam a2200217Ia 4500
003 OSt
005 20220702115924.0
008 210210b2004 xxu||||| |||| 00| 0 eng d
020 _a81 229 0173 5
040 _cAL
041 _aeng
082 _a070.41 SMIE
100 _aSMITH (Ron F) and O'CONNELL (Loraine M)
_946773
245 _aEditing today
250 _a2
260 _aDelhi
_bSurjeet publications
_c2004
300 _aix,261
690 _aJournalism
_946774
906 _a059213
942 _2ddc
_cBK
999 _c106255
_d106255